Т. 2 (приложение); Строматопороидеи нижнего и среднего девона С-В Салаира и Рудного Алтая

Бібліографічні деталі
Parent link:Строматопороидеи нижнего и среднего девона С-В Салаира и Рудного Алтая: Диссертация на соискание ученой степени кандидата геолого-минералогических наук/ Е. Г. Косарева; Томский государственный университет (ТГУ) ; науч. рук. В. А. Иванин. Т. 2 (приложение).— , 1968
Мова:Російська
Опубліковано: 1968
Предмети:
Формат: MixedMaterials Книга
KOHA link:https://koha.lib.tpu.ru/cgi-bin/koha/opac-detail.pl?biblionumber=138434

MARC

LEADER 00000nbm0a2200000 4500
001 138434
005 20231031141440.0
035 |a (RuTPU)RU\TPU\book\149996 
035 |a RU\TPU\book\149994 
090 |a 138434 
100 |a 20080526d1968 k y0rusy50 ca 
101 0 |a rus 
102 |a RU 
105 |a a m 000zy 
200 0 |a Т. 2 (приложение) 
210 |d 1968 
215 |a 208 л.  |c ил. 
461 |t Строматопороидеи нижнего и среднего девона С-В Салаира и Рудного Алтая  |o Диссертация на соискание ученой степени кандидата геолого-минералогических наук  |f Е. Г. Косарева  |g Томский государственный университет (ТГУ) ; науч. рук. В. А. Иванин  |v Т. 2 (приложение)  |d 1968 
610 1 |a диссертации 
610 1 |a Рудный Алтай 
610 1 |a Салаир 
610 1 |a строматопороидеи 
610 1 |a приложения 
610 1 |a таблицы 
675 |a 551.734(04)  |v 3 
801 1 |a RU  |b 63413507  |c 20080526  |g PSBO 
801 2 |a RU  |b 63413507  |c 20080526  |g PSBO 
942 |c BK